00463nam a2200145Ia 4500003000400000008004100004040001600045082001900061100001900080245008200099260006500181650001400246650002200260650003500282GCL140319s9999 xx 000 0 eng d aGCL / cGCL04aCCb916.2bS G1 aOMAR, TOUSSAUN10aLA GEOGRAPHIE DE L'EGYPTE A L'EPOQUE ARABE ( VOL. 68, 69 ) / cOMAR, TOUSSAUN a[S.N] : bINSTITUTE FOR THE HISTORY OF ARABIC SCIE ، c199204aGEOGRAPHY04aGEOGRAPHY - EGYPT04aEGYPT - DESCRIPTION AND TRAVEL